00750 2200289 4500001002100000005001500021035002000036007000300056008004100059020001800100082000800118084001400126100002500140245008100165250001000246260004700256300003100303500001100334500001400345650001400359700001700373504002600390990001100416990001100427990001100438990001100449INLIS00000000000581920200629093912 a0010-0620000099ta200629 g 0 ind  a602-8506-41-9 a600 a600 AND e0 aANDARINI, Trisnasari1 aEnsiklopedi Teknologi 4 /cAndarini Trisnasari, penyunting ahli, Janu Ismadi acet.1 aBanten :bKenanga Pustaka Indonesia,c2009 a62 hlm. :bilus. ;c25 cm. aIndeks aGlosarium 4aTEKNOLOGI0 aJANU, Ismadi aBibliografi : hlm. 62 a7475 a a7475 b a7475 c a7475 d